Music Quiz

Random Music or Kpop Quiz

Name these Kpop group main dancers Quiz Stats

 Plays Quiz not verified by Sporcle

Also try: Iron Maiden Songs
Challenge
Share
Tweet
Score 0/50 Timer 15:00
0 Plays Today
% Correct
Taeyang (BIGBANG)
95.5%
J-Hope (BTS)
94.9%
N (VIXX)
92.8%
Taemin (SHINee)
90.9%
Kai (EXO)
87.6%
Hoshi (Seventeen)
82.6%
Jackson (GOT7)
82.4%
Hyuna (4minute)
74.2%
Shownu (Monsta X)
71.7%
Hoya (INFINITE)
71.3%
Minzy (2NE1)
70.6%
Momo (TWICE)
66.1%
Seulgi (Red Velvet)
64.9%
Hyoyeon (SNSD)
64.8%
CNU (B1A4)
61.9%
Minhyuk (BTOB)
59.9%
Jongup (B.A.P)
59%
Gain (Brown Eyed Girls)
58.9%
Bora (SISTAR)
57.9%
Junghwa (EXID)
50.9%
Kikwang (BEAST)
49.2%
ShinB (G-FRIEND)
45.4%
Donghyuk (IKON)
45.3%
Moonbyul (MAMAMOO)
44.1%
Min (Miss A)
41.5%
% Correct
Victoria (F(x))
40.6%
Yura (Girl's Day)
39.5%
Xero (Topp Dogg)
37.3%
Minwoo (Boyfriend)
36.4%
Yezi (FIESTAR)
34.5%
Seyong (MYNAME)
34.4%
Bitto (UP10TION)
33.7%
Seunghoon (WINNER)
33.7%
Kyungil (HISTORY)
33.3%
Chanmi (AOA)
32.9%
B-Bomb (Block B)
31.9%
Kiseop (U-KISS)
26.6%
Changjo (Teen Top)
26.3%
Bomi (A Pink)
25.4%
Yibo (UNIQ)
25.1%
Hyosung (Secret)
17.9%
Lime (Hello Venus)
17.8%
Mijoo (Lovelyz)
14.2%
Changbum (100%)
13.6%
Sojin (Nine Muses)
10.8%
Jiwon (SPICA)
9.8%
Seungyeon (CLC)
8.5%
Woohee (Dal Shabet)
8%
Dahye (BESTie)
6.1%
Nari (Wa$$up)
2.3%

You're not logged in!

Compare scores with friends on all Sporcle quizzes.
OR
Log In

You Might Also Like...

Show Comments

Extras

Created Mar 25, 2016ReportNominate
Tags:Kpop Quiz, Kpop Quiz

Top Quizzes Today


Score Distribution

Your Account Isn't Verified!

In order to create a playlist on Sporcle, you need to verify the email address you used during registration. Go to your Sporcle Settings to finish the process.

Report this User

Report this user for behavior that violates our Community Guidelines.

Details: